是你.制造了天气 (Record no. 62730)

000 -LEADER
fixed length control field 00505nam a22001937a 4500
003 - CONTROL NUMBER IDENTIFIER
control field MPLRDC
005 - DATE AND TIME OF LATEST TRANSACTION
control field 20220104184137.0
008 - FIXED-LENGTH DATA ELEMENTS--GENERAL INFORMATION
fixed length control field 210129b ||||| |||| 00| 0 eng d
020 ## - INTERNATIONAL STANDARD BOOK NUMBER
International Standard Book Number 986-185-042-9
082 ## - DEWEY DECIMAL CLASSIFICATION NUMBER
Classification number 328.48 FLA
100 ## - MAIN ENTRY--PERSONAL NAME
Personal name TIM FLANNERY
245 ## - TITLE STATEMENT
Title 是你.制造了天气
Statement of responsibility, etc. 林雨蒨译
250 ## - EDITION STATEMENT
Edition statement 初版
260 ## - PUBLICATION, DISTRIBUTION, ETC.
Place of publication, distribution, etc. 台湾
Name of publisher, distributor, etc. 高宝国际有限公司台湾分公司
Date of publication, distribution, etc. 2007
300 ## - PHYSICAL DESCRIPTION
Other physical details
490 ## - SERIES STATEMENT
Series statement 新视野. NW052
650 ## - SUBJECT ADDED ENTRY--TOPICAL TERM
Topical term or geographic name entry element 温室效益
942 ## - ADDED ENTRY ELEMENTS (KOHA)
Koha item type Book
-- 328.48 FLA
Holdings
Withdrawn status Lost status Source of classification or shelving scheme Damaged status Not for loan Collection code Home library Current library Shelving location Date acquired Cost, normal purchase price Total Checkouts Full call number Barcode Date last seen Date last checked out Price effective from Koha item type Public note
            Malaysian Public Library, Research and Development Centre Malaysian Public Library, Research and Development Centre   10/09/2009 38.60   328.48 FLA 00057105 18/03/2021 03/07/2012 18/03/2021 Book mplrdc

© 2022. Malaysian Public Library, Research and Development Centre. All Right ReservedE-mailmplrdc@help.edu.my 

Powered by Koha